| 000 | 00467nam a2200157 a 4500 | ||
|---|---|---|---|
| 005 | 20140310183340.0 | ||
| 008 | 070330s19uu xx 00 eng d | ||
| 020 | _a1858287529 | ||
| 050 |
_aPG 6121 _b.P768 2000 |
||
| 245 |
_aPolish : _ba rough guide dictionary phrasebook / |
||
| 260 |
_aLondon : _bRough Guides Ltd, _c2000. |
||
| 300 |
_a282 p. : _c15 cm. |
||
| 650 |
_aPolish language _xConversation and phrasebooks _xEnglish. |
||
| 942 |
_cBK _2lcc |
||
| 999 |
_c21795 _d21795 |
||